00403nam a22001337a 4500008004100000040005500041080002800096100001500124245004200139260005000181300001100231650001300242653001400255230515b |||||||| |||| 00| 0 eng d aNational Science LibrarycNational Science Library a551.4.035(1-925.36)bN1 aNegi, S S  aHimalayan rivers, lakes and glaciers  aNew Delhi: bIndus Publishing Company, c1991 a182p.  aGeology  aRegional